000 00444 a2200169 4500
005 20260515122249.0
008 260515b |||||||| |||| 00| 0 eng d
020 _a9781032915258
040 _cSDCL
041 _2eng
_aeng
084 _aX:(B) R5
100 _aQian, Hang
_91240124
245 _aBayesian Econometric Modelling for Big Data
260 _aBoca raton :
_bChapman & Hall,
_c2025.
300 _axix, 466p.
942 _cTEXL
_2CC
999 _c1851270
_d1851270